| 000 | 01799cam a22004934i 4500 | ||
|---|---|---|---|
| 003 | PE-LiUPU | ||
| 005 | 20250731173147.0 | ||
| 008 | 150623s r 000 0 d | ||
| 020 | _a0800629892 | ||
| 035 | _a(Sirsi) i9780800629892 | ||
| 040 |
_aPE-LiUPU _bspa _cPE-LiUPU _erda |
||
| 049 | _aPRUA | ||
| 082 | 0 | 4 |
_a221.066 _bH39 _221 |
| 100 | 1 |
_aHens-Piazza, Gina, _d1948-, _eautor. |
|
| 245 | 1 | 4 |
_aThe New Historicism / _cGina Hens-Piazza. |
| 264 | 1 |
_aMinneapolis : _bFortress Press, _c2002. |
|
| 300 |
_a94 páginas ; _c22 centímetros |
||
| 336 |
_atext _2rdacontent |
||
| 337 |
_aunmediated _2rdamedia |
||
| 338 |
_avolume _2rdacarrier |
||
| 490 | 0 | _aGuides to Biblical Scholarship. Old Testament Series | |
| 504 | _aIncluye bibliografía. | ||
| 505 | 0 | _aHistoricizing the New Historicism. On the differences between historicism and the New Historicism. Recurring characteristics of new histkoricist studies. New Historicism-three illustrations Conclusion: Is new historicism already history?. | |
| 526 | _aSEG42 | ||
| 526 | _aSEG41 | ||
| 526 | _aSEG40 | ||
| 526 | _aSEG39 | ||
| 526 | _aP94 | ||
| 526 | _aP87 | ||
| 526 | _aP86 | ||
| 526 | _aP85 | ||
| 526 | _aP77 | ||
| 526 | _aP76 | ||
| 526 | _aP35 | ||
| 630 |
_aBiblia _xCrítica, interpretación, etc. |
||
| 650 | 0 | 4 | _aCriticismo. |
| 650 | 0 | 4 | _aHistoricismo. |
| 942 |
_2ddc _cBOOK |
||
| 949 |
_a221.066 H39 _wDEWEY _c1 _i53345 _lCCODEBUL1 _mBUL _p11.00 _r0 _sY _tBOOK _u2015-6-24 _xTEOLOGIA _PP35 _0COMPRA _o.STAFF. Colección General |
||
| 994 |
_aC0 _bPEPRU |
||
| 596 | _a1 | ||
| 999 |
_a221.066 H39 _wDEWEY _c35312 _i53345 _f2021-11-9 _g5 _lCCODEBUL1 _mBUL _p11.00 _r0 _sY _tBOOK _u2015-6-24 _xTEOLOGIA _PP35 _0COMPRA _o.STAFF. Colección General _d35312 |
||
| 980 |
_81 _gALBERTO SANCHEZ Responsable de Automatización |
||